| 000 | 00537nam a2200205Ia 4500 | ||
|---|---|---|---|
| 005 | 20230413144443.0 | ||
| 008 | 131103s9999 xx 000 0 und d | ||
| 020 |
_a8175223936 _cRs.55.00 |
||
| 040 | _aLoreto College | ||
| 041 | _aEnglish | ||
| 082 |
_aTAG 891.443 _bTAG |
||
| 100 | _aTagore,Rabindranath | ||
| 245 |
_aGhare baire _cRabindranath Tagore |
||
| 260 |
_aKolkata _bViswa Bharati Granthanbighag _c2006 |
||
| 300 | _a220p | ||
| 650 | _aBengali literature | ||
| 651 | _aBengali fiction | ||
| 850 | _aLCLIB | ||
| 942 | _cBK | ||
| 999 |
_c37934 _d88413 |
||